Chung Ju-Yung stvořitel Hyundai

Stručná životopisná charakteristika Chung Ju-Yunga. Začiatky podnikania. Firma na opravu automobilov pod názvom Hyundai. Prehľad jeho ďalších podnikateľských zámerov. Vzťah zamestnávateľa k zamestnancom. Prienik do sveta automobilov, cementu a medzinárodného obchodu. Výstavba priemyselného prístavu...

Ausführliche Beschreibung

Gespeichert in:
Bibliographische Detailangaben
1. Verfasser: Brož, Ivan
Format: Buchkapitel
Sprache:Tschechisch
Schlagworte:
Tags: Tag hinzufügen
Keine Tags, Fügen Sie das erste Tag hinzu!

MARC

LEADER 00000naa$a2200000$$$4500
001 0003550
005 20240325075645.3
041 0 |a cze 
044 |a CZ 
245 1 0 |a Chung Ju-Yung stvořitel Hyundai  |c Ivan Brož 
520 |a Stručná životopisná charakteristika Chung Ju-Yunga. Začiatky podnikania. Firma na opravu automobilov pod názvom Hyundai. Prehľad jeho ďalších podnikateľských zámerov. Vzťah zamestnávateľa k zamestnancom. Prienik do sveta automobilov, cementu a medzinárodného obchodu. Výstavba priemyselného prístavu Džubajl. Prehľad podnikateľských činností Chung Ju-Yunga a jeho angažovanosť na verejnosti. 
610 2 0 |a automobily 
610 2 0 |a marketing 
610 2 0 |a podnikanie 
610 2 0 |a podnikanie obchodné 
610 2 0 |a obchod 
610 2 0 |a obchod medzinárodný 
610 2 0 |a sponzorovanie 
610 2 0 |a Hyundai 
610 2 0 |a Chung Ju-Yung 
100 1 |a Brož, Ivan